Platero y yo

Tallennettuna:
Bibliografiset tiedot
Päätekijä: Jiménez, Juan Ramón (Tekijä)
Aineistotyyppi: Kirja
Kieli:espanja
Julkaistu: Ciudad de México Fernández Editores 1966
Sarja:Auriga
Aiheet:
Tagit: Lisää tagi
Ei tageja, Lisää ensimmäinen tagi!

MARC

LEADER 00000nam a2200000 a 4500
001 UCW4317
003 CL-VaPUC
008 891206e19660000MX |||||||||||||||||spa|d
082 0 4 |a 861  |b JIM  |2 21 
100 |a Jiménez, Juan Ramón  |e author  |9 330181 
245 1 0 |a Platero y yo 
300 |a 95 p 
942 |c BK 
945 |d 19891206 00:00:00 
260 |a Ciudad de México  |b Fernández Editores  |c 1966 
650 7 |a PROSA POETICA ESPAÑOLA  |2 CL-VaPUC  |9 309004 
583 |a last modification  |c 19891206 00:00:00  |k Rodrigo Vera 
490 0 |a Auriga 
999 |c 218086  |d 218084 
952 |0 0  |1 0  |4 0  |6 861_000000000000000_JIM_1966  |7 0  |8 A  |9 207012  |a BIBEDU  |b BIBEDU  |d 2019-11-15  |i 2747928  |o 861 JIM 1966  |p 2747928  |r 2019-11-15  |w 2019-11-15  |y BK  |k EDU